00423nam a2200145Ia 4500008004100000100001600041100001400057245010000071260000900171300001500180504000800195650002200203650002200225773003000247181130s2018 xx 000 0 und d aLee, Hyunok aMigration aGendered migration in a changing care regime:ba case of Korean Chinese migrants in South Korea c2018 ap.393-407. dJul aMigration - China aMigration - Korea aSocial Policy and Society